Marvel Cinematic Universe - Films en series - Statistieken

Algemene statistieken
  • Deze quiz is 98 keer genomen
  • De gemiddelde score is 29 van 43
Antwoordstatistieken
Antwoord % Correct
Iron Man
96%
Spider-Man: Homecoming
94%
Captain America: The First Avenger
90%
Thor
90%
Iron Man 2
88%
Iron Man 3
88%
The Incredible Hulk
88%
The Avengers
87%
Avengers: Endgame
84%
Avengers: Infinity War
81%
Spider-Man: Far From Home
79%
Black Widow
78%
Captain America: The Winter Soldier
77%
Spider-Man: No Way Home
77%
Captain Marvel
75%
Ant-Man
74%
Thor: Ragnarok
74%
Avengers: Age of Ultron
73%
Dr. Strange
73%
Thor: Love and Thunder
73%
Captain America: Civil War
71%
Guardians of the Galaxy
70%
Ant-Man and the Wasp
68%
Guardians of the Galaxy vol. 2
68%
Loki
68%
WandaVision
68%
Black Panther
66%
Dr. Strange in the Multiverse of Madness
65%
Guardians of the Galaxy vol. 3
60%
Hawkeye
60%
Thor: The Dark World
60%
Black Panther: Wakanda Forever
57%
Eternals
56%
The Marvels
56%
The Falcon and the Winter Soldier
53%
Ant-Man and the Wasp: Quantumania
51%
Shang-Chi and the Legend of the Ten Rings
48%
She-Hulk: Attorney at Law
48%
Moon Knight
43%
Ms. Marvel
42%
What if...?
34%
Secret Invasion
23%
Echo
17%
Geen overeenkomende quizzen gevonden
Scoreverdeling
Procent van Mensen met Elke Score
Percentiel versus Aantal Correcte Antwoorden
Uw Scoregeschiedenis
U heeft deze quiz nog niet genomen